000
00207nam a22000977a 4500
999
_c
16262
_d
16262
003
OSt
008
200626b ||||| |||| 00| 0 eng d
100
_a
Mahajan V.D
_9
4658
245
_a
Ancient India
942
_c
BK